Rolling Stone's 500 Best Songs Of All Time - Statistics

General Stats
  • This quiz has been taken 700 times
  • The average score is 190 of 500
Answer Stats
% Correct
A Day In The Life | Eleanor Rigby | Help! | +9 others The Beatles
98%
Come As You Are | Smells Like Teen Spirit Nirvana
95%
1999 | Adore | Kiss | +3 others Prince
95%
Under Pressure Queen & David Bowie
95%
Bohemian Rhapsody Queen
94%
(You Make Me Feel Like) A Natural Woman | Chain Of Fools | I Say A Little Prayer | Respect Aretha Franklin
92%
(I Can't Get No) Satisfaction | Gimme Shelter | Jumpin' Jack Flash | +4 others The Rolling Stones
91%
Beat It | Billie Jean | Rock With You Michael Jackson
89%
Imagine John Lennon
88%
Blowin' In The Wind | Desolation Row | Like A Rolling Stone | +4 others Bob Dylan
86%
Bennie And The Jets | Rocket Man (I Think It's Going To Be A Long Long Time) | Tiny Dancer | Your Song Elton John
84%
B.O.B. - Bombs Over Baghdad | Hey Ya! | Ms Jackson OutKast
83%
In Da Club 50 Cent
82%
Crazy In Love Beyonce ft Jay-Z
82%
Rhythm Nation Janet Jackson
82%
God Only Knows | Good Vibrations | Wouldn't It Be Nice The Beach Boys
82%
Atlantic City | Born To Run | Jungleland | +2 others Bruce Springsteen
81%
Changes | Heroes | Life On Mars | +2 others David Bowie
81%
I Heard It Through The Grapevine | Let's Get It On | Sexual Healing | What's Going On? Marvin Gaye
81%
Int'l Players Anthem (I Choose You) UGK ft OutKast
80%
Dreams | Go Your Own Way | Landslide Fleetwood Mac
79%
Higher Ground | Signed, Sealed, Delivered (I'm Yours) | Superstition | You Are The Sunshine Of My Life Stevie Wonder
79%
Break My Soul | Formation | Single Ladies (Put A Ring On It) Beyonce
77%
Savage Remix Megan Thee Stallion ft Beyonce
77%
Into The Groove | Like A Prayer | Vogue Madonna
76%
All Along The Watchtower | Little Wing | Purple Haze Jimi Hendrix
74%
Johnny B. Goode | Maybellene | Promised Land Chuck Berry
73%
Kashmir | Stairway To Heaven | Whole Lotta Love Led Zeppelin
73%
Seven Nation Army The White Stripes
71%
Heartbreak Hotel | Jailhouse Rock | Suspicious Minds Elvis Presley
68%
Coat Of Many Colors | Jolene Dolly Parton
67%
Could You Be Loved | No Woman No Cry | Redemption Song Bob Marley & The Wailers
64%
Royals Lorde
64%
Enter Sandman | Master Of Puppets Metallica
64%
(Sittin' On) The Dock Of The Bay | Try A Little Tenderness Otis Redding
63%
Umbrella Rihanna ft Jay-Z
62%
Good Golly Miss Molly | Tutti Frutti Little Richard
61%
Creep | Idioteque | Karma Police Radiohead
60%
Dancing Queen ABBA
59%
You're So Vain Carly Simon
58%
American Tune Paul Simon
58%
I Still Haven't Found What I'm Looking For | One | With Or Without You U2
58%
Running Up That Hill (A Deal With God) Kate Bush
56%
You Shook Me All Night Long AC/DC
55%
Sweet Child O'Mine Guns N Roses
55%
Get Up I Feel Like A Sex Machine Pt 1 | Papa's Got A Brand New Bag | Say It Loud - I'm Black And I'm Proud - Pt 1 & 2 James Brown
55%
99 Problems Jay-Z
54%
I Walk The Line | Ring Of Fire Johnny Cash
54%
Get Ur Freak On | The Rain (Supa Dupa Fly) | Work It Missy Elliott
54%
Wonderwall Oasis
53%
Blitzkrieg Bop | Sheena Is A Punk Rocker Ramones
53%
Nuthin But A G'Thang Snoop Dogg ft Dr Dre
53%
Rolling In The Deep Adele
52%
Bring The Noise | Fight The Power Public Enemy
52%
Lola | Waterloo Sunset | You Really Got Me The Kinks
52%
I Wanna Dance With Somebody (Who Loves Me) | I Will Always Love You Whitney Houston
52%
Bridge Over Troubled Water | The Sound Of Silence Simon & Garfunkel
51%
Big Poppa | Juicy The Notorious B.I.G.
51%
Every Breath You Take The Police
51%
Livin' On A Prayer Bon Jovi
50%
Be My Baby The Ronettes
50%
Baby One More Time | Toxic Britney Spears
49%
Hotel California Eagles
49%
Lose Yourself Eminem
49%
Comfortably Numb | Wish You Were Here Pink Floyd
49%
Back To Black Amy Winehouse
48%
September Earth, Wind & Fire
48%
A Change Is Gonna Come Sam Cooke
48%
My Girl | Papa Was A Rollin' Stone The Temptations
48%
Let's Stay Together | Love And Happiness Al Green
47%
Stayin' Alive Bee Gees
47%
Runaway | Stronger Kanye West
47%
All Too Well | Blank Space | Cruel Summer Taylor Swift
47%
Take Care Drake ft Rihanna
46%
Love Will Tear Us Apart Joy Division
46%
Paper Planes M.I.A.
46%
Baba O'Riley | My Generation | Won't Get Fooled Again The Who
45%
Losing My Religion | Nightswimming | Radio Free Europe R.E.M.
44%
Don't Leave Me This Way Thelma Houston
44%
Fuck The Police N.W.A
43%
Straight Outta Compton N.W.A.
43%
In The Air Tonight Phil Collins
43%
Once In A Lifetime | This Must Be The Place (Naive Melody) Talking Heads
43%
(White Man) In Hammersmith Palais | London Calling The Clash
43%
Dream On Aerosmith
42%
After The Gold Rush | Heart Of Gold | Powderfinger Neil Young
42%
Georgia On My Mind | What'd I Say Pt 1 & 2 Ray Charles
42%
Anarchy In The UK | God Save The Queen Sex Pistols
42%
Heart Of Glass Blondie
41%
California Love 2Pac
40%
Freedom! 90 George Michael
40%
River Deep - Mountain High Ike & Tina Turner
40%
Hallelujah | Suzanne Leonard Cohen
40%
What's Love Got To Do With It? Tina Turner
40%
No Scrubs | Waterfalls TLC
40%
Iron Man | Paranoid Black Sabbath
39%
Because The Night | Gloria: In Excelsis Deo Patti Smith
39%
Light My Fire The Doors
39%
Don't Stop Believin' Journey
38%
Stop! In The Name Of Love | You Keep Me Hangin' On The Supremes
38%
Hold On, We're Going Home Drake ft Majid Jordan
37%
Bad Romance Lady Gaga
37%
Hotline Bling Drake
36%
At Last Etta James
36%
Scenes From An Italian Restaurant Billy Joel
35%
Bo Diddley Bo Diddley
35%
Fortunate Son | Proud Mary Creedence Clearwater Revival
35%
Since U Been Gone Kelly Clarkson
35%
Super Freak Rick James
35%
Africa Toto
35%
Killing Me Softly With His Song The Fugees
34%
California Dreamin' The Mamas & The Papas
34%
Yeah! Usher ft Lil Jon & Ludacris
34%
Jump Van Halen
34%
It's Too Late Carole King
33%
Fast Car Tracy Chapman
33%
Thank U, Next Ariana Grande
32%
Peggy Sue | That'll Be The Day Buddy Holly
32%
Basket Case Green Day
32%
Fire And Rain James Taylor
32%
Everybody Wants To Rule The World Tears For Fears
32%
House Of The Rising Sun The Animals
32%
The Weight The Band
32%
I Want You Back The Jackson 5
32%
School's Out Alice Cooper
31%
I Feel Love Donna Summer
31%
Son Of A Preacher Man Dusty Springfield
31%
A Case Of You | Both Sides Now | River Joni Mitchell
31%
Old Town Road Lil Nas X
31%
Under The Bridge Red Hot Chili Peppers
31%
Nothing Compares 2 U Sinead O'Connor
31%
Everyday People | Family Affair Sly & The Family Stone
31%
The Tears Of A Clown | The Tracks Of My Tears Smokey Robinson & The Miracles
31%
Free Fallin' Tom Petty
31%
Ain't No Sunshine | Lean On Me Bill Withers
30%
Believe Cher
30%
What A Wonderful World Louis Armstrong
30%
Doo Wop (That Thing) Ms Lauryn Hill
30%
Killing Me Softly With His Song Roberta Flack
30%
Maggie May Rod Stewart
30%
Mr Brightside The Killers
30%
The Boys Are Back In Town Thin Lizzy
30%
Bad Guy Billie Eilish
29%
Strange Fruit Billie Holiday
29%
I Will Survive Gloria Gaynor
29%
Great Balls Of Fire Jerry Lee Lewis
29%
Alright Kendrick Lamar
29%
Free Bird Lynyrd Skynyrd
29%
Just Like Heaven The Cure
29%
Unchained Melody The Righteous Brothers
29%
How Soon Is Now? | There Is A Light That Never Goes Out The Smiths
29%
Sabotage Beastie Boys
28%
Get Lucky Daft Punk ft Pharrell Williams
28%
I'm Coming Out Diana Ross
28%
Hungry Like The Wolf Duran Duran
28%
Sweet Dreams (Are Made Of This_ Eurythmics
28%
Everlong Foo Fighters
28%
Rock And Roll All Nite Kiss
28%
Uptown Funk Mark Ronson ft Bruno Mars
28%
Black Hole Sun Soundgarden
28%
Rock Lobster The B-52's
28%
Call Me Maybe Carly Rae Jepsen
27%
Good Times Chic
27%
Walk On The Wild Side Lou Reed
27%
Edge Of Seventeen Stevie Nicks
27%
I'm Waiting For The Man | Sweet Jane The Velvet Underground
27%
Buddy Holly Weezer
27%
I Want It That Way Backstreet Boys
26%
Fix You Coldplay
26%
Time After Time Cyndi Lauper
26%
White Rabbit Jefferson Airplane
26%
Common People Pulp
26%
Killing In The Name Rage Against The Machine
26%
Dancing On My Own Robyn
26%
Loser Beck
25%
(Don't Fear) The Reaper Blue Oyster Cult
25%
More Than A Feeling Boston
25%
Gasolina Daddy Yankee
25%
Say My Name Destiny's Child
25%
I'm A Believer The Monkees
25%
Layla Derek & The Dominos
24%
Real Love Mary J.Blige
24%
A Whiter Shade Of Pale Procol Harum
24%
Lust For Life Iggy Pop
23%
Bizarre Love Triangle | Blue Monday New Order
23%
West End Girls Pet Shop Boys
23%
I Can't Help Myself (Sugar Pie Honey) | Reach Out, I'll Be There The Four Tops
23%
Blueberry Hill Fats Domino
22%
Crazy Gnarls Barkley
22%
Never Tear Us Apart INXS
22%
Fantasy Mariah Carey
22%
Ace Of Spades Motorhead
22%
Alive Pearl Jam
22%
Solsbury Hill Peter Gabriel
22%
Eight Miles High | Me Tambourine Man The Byrds
22%
Enjoy The Silence Depeche Mode
21%
Walk On By Dionne Warwick
21%
Alison Elvis Costello
21%
I'm So Lonesome I Could Cry Hank Williams
21%
As It Was Harry Styles
21%
Kill Bill SZA
21%
Into The Mystic Van Morrison
21%
C.R.E.A.M. (Cash Rules Everything Around Me) Wu-Tang Clan
21%
Closer Nine Inch Nails
20%
Drivers License Olivia Rodrigo
20%
Where Is My Mind? Pixies
20%
Oye Como Va Santana
20%
I Wanna Be Your Dog The Stooges
20%
Stand By Me Ben E.King
19%
I Like It Cardi B ft Bad Bunny & J Balvin
19%
It Was A Good Day Ice Cube
19%
Passionate Kisses Lucinda Williams
19%
Super Bass Nicki Minaj
19%
Mississippi Goddam Nina Simone
19%
Last Nite The Strokes
19%
The Message Grandmaster Flash & The Furious Five
18%
Crying Roy Orbison
18%
All I Have To Do Is Dream The Everly Brothers
18%
The Boys Of Summer Don Henley
17%
Bad Reputation Joan Jett & The Blackhearts
17%
A Milli Lil Wayne
17%
Coal Miner's Daughter Loretta Lynn
17%
Sucker MC's (Krush-Groove 1) Run DMC
17%
Just What I Needed The Cars
17%
American Girl Tom Petty & The Heartbreakers
17%
Blue Eyes Crying In The Rain Willie Nelson
17%
Night Moves Bob Seger
16%
Move On Up | Pusherman Curtis Mayfield
16%
Grace Jeff Buckley
16%
Back That Azz Up Juvenile ft Lil Wayne & Mannie Fresh
16%
Truth Hurts Lizzo
16%
Crazy Patsy Cline
16%
Brass In Pocket Pretenders
16%
Rapper's Delight The Sugarhill Gang
16%
Maps Yeah Yeah Yeahs
16%
You Oughta Know Alanis Morrisette
15%
Redbone Childish Gambino
15%
Suite: Judy Blue Eyes Croby with Stills & Nash
15%
Sugar, We're Going Down Fall Out Boy
15%
Green Onions Booker T & The MG's
14%
Ever Fallen In Love (With Someone You Shouldn't've) Buzzcocks
14%
Midnight Train To Georgia Gladys Knight & The Pips
14%
Dancing In The Street Martha Reeves & The Vandellas
14%
So What Miles Davis
14%
All The Young Dudes Mott The Hoople
14%
Flash Light Parliament
14%
Cross Road Blues Robert Johnson
14%
Limelight Rush
14%
Marquee Moon Television
14%
Louie Louie The Kingsmen
14%
Time Of The Season The Zombies
14%
This Land Is Your Land Woody Guthrie
14%
Father And Son Yusuf & Cat Stevens
14%
Can I Kick It? A Tribe Called Quest
13%
Summertime Blues Eddie Cochran
13%
A Love Supreme Pt 1 John Coltrane
13%
Our Lips Are Sealed The Go-Gos
13%
Shout Pts 1 & 2 The Isley Brothers
13%
Safaera | Titi Me Pregunto Bad Bunny
12%
Dynamite | Spring Day BTS
12%
Criminal | Paper Bag Fiona Apple
12%
One Nation Under A Groove Funkadelic
12%
Wichita Lineman Glen Campbell
12%
A&W Lana Del Rey
12%
Fade Into You Mazzy Star
12%
Mannish Boy Muddy Waters
12%
Deacon Blues Steely Dan
12%
What A Fool Believes The Doobie Brothers
12%
House Of Balloons/Glass Table Girls The Weeknd
12%
If I Ain't Got You Alicia Keys
11%
No Diggity Blackstreet ft Dr Dre
11%
Box Of Rain | Ripple Grateful Dead
11%
Bad And Boujee Migos ft Lil Uzi Vert
11%
Pink Moon Nick Drake
11%
Teen Age Riot Sonic Youth
11%
Will You Love Me Tomorrow The Shirelles
11%
Paid In Full Eric B & Rakim
10%
Thinkin Bout You Frank Ocean
10%
The Revolution Will Not Be Televised Gil Scott-Heron
10%
The Harder They Come Jimmy Cliff
10%
Trans-Europe Express Kraftwerk
10%
Virginia Plain Roxy Music
10%
No Ordinary Love Sade
10%
Amor Prohibido Selena
10%
Stand By Your Man Tammy Wynette
10%
Gloria Them
10%
In The Midnight Hour Wilson Pickett
10%
Ain't Nobody Chaka Khan
9%
Surrender Cheap Trick
9%
Doll Parts Hole
9%
Goodbye Earl The Chicks
9%
Get Up, Stand Up The Wailers
9%
Whipping Post Allman Brothers Band
8%
Groove Is In The Heart Deee-Lite
8%
Ooh La La Faces
8%
Boom Boom John Lee Hooker
8%
Up On The Roof The Drifters
8%
Leader Of The Pack The Shangri-Las
8%
Cosmic Dancer T-Rex
8%
Party Up (Up In Here) DMX
7%
Your Cheatin' Heart Hank Williams & Drifting Cowboys
7%
All My Friends LCD Soundsystem
7%
Shook Ones Pt II Mobb Deep
7%
People Get Ready The Impressions
7%
Rebel Girl Bikini Kill
6%
Ode To Billie Joe Bobbie Gentry
6%
I Can't Make You Love Me Bonnie Raitt
6%
Untitled (How Does It Feel) D'Angelo
6%
Spoonful Howlin' Wolf
6%
Walk On By Isaac Hayes
6%
Personality Crisis New York Dolls
6%
Rid Of Me PJ Harvey
6%
Sail Away Randy Newman
6%
I Put A Spell On You Screamin' Jay Hawkins
6%
Cannonball The Breeders
6%
Please Mr Postman The Marvelettes
6%
Heavy Metal Drummer Wilco
6%
Are You That Somebody? Aaliyah
5%
Just A Friend Biz Markie
5%
Springsteen Eric Church
5%
He Stopped Loving Her Today George Jones
5%
Angel From Montgomery John Prine
5%
Sunday Mornin' Comin' Down Kris Kristofferson
5%
Da Doo Ron Ron (When He Walked Me Home) The Crystals
5%
Roadrunner (Once) The Modern Lovers
5%
Pressure Drop Toots & The Maytals
5%
212 Azealia Banks ft Lazy Jay
4%
Hound Dog Big Mama Thornton
4%
September Gurls Big Star
4%
Stan Eminem ft Dido
4%
Tyrone Erykah Badu
4%
Divorce Song Liz Phair
4%
Never Too Much Luther Vandross
4%
Mama Tried Merle Haggard
4%
Buffalo Stance Neneh Cherry
4%
Summer Babe Pavement
4%
Cranes In The Sky Solange
4%
You Make Me Feel (Mighty Real) Sylvester
4%
Cissy Strut The Meters
4%
I'll Take You There The Staple Singers
4%
Planet Rock Afrika Bambaataa
3%
Grindin' Clipse
3%
She's Gone Daryl Hall & John Oates
3%
The Humpty Dance Digital Underground & Claudio Cueni
3%
The House That Built Me Miranda Lambert
3%
It Takes Two Rob Base & DJ Ez Rock
3%
In The Still Of The Nite The Five Satins
3%
I Only Have Eyes For You The Flamingos
3%
Left Of The Dial The Replacements
3%
Typical Girls The Slits
3%
Poncho & Lefty Townes Van Zandt
3%
Ella Baila Sola Eslabon Armado & Peso Pluma
2%
Radiation Vibe Fountains Of Wayne
2%
Merry Go 'Round Kacey Musgraves
2%
The Reminisce Over You (T.R.O.Y) Pete Rock & CL Smooth
2%
I Can't Stand The Rain Ann Peebles
1%
King Tubby Meets Rockers Uptown Augustus Pablo
1%
La Vida Es Un Carnaval Celia Cruz
1%
Flava In Your Ear Craig Mack
1%
Mind Playing Tricks On Me Geto Boys
1%
Portions For Foxes Rilo Kiley
1%
Bam Bam Sister Nancy
1%
Ku Klux Klan Steel Pulse
1%
That's The Joint Funky 4+1
0%
Without You Henry Nilsson
0%
Help Me Joni's Soul
0%
Ponta De Lanca Africano Jorge Ben Jor
0%
Move Your Body Marshall Jefferson
0%
Be Thankful For What You Got (Pt 1&2) William DeVaughn
0%
Essence Wizkid ft Tems
0%
No matching quizzes found
Score Distribution
Percent of People with Each Score
Percentile by Number Answered
Your Score History
You have not taken this quiz